The Brainrot Quiz! (160 QUESTIONS) - Statistics

General Stats
  • This quiz has been taken 520 times
  • The average score is 49 of 160
Answer Stats
Hint Answer % Correct
What do you put in the bag? Fries
84%
Who is the pig that is always calling? John Pork
81%
Who is the man inside of toilets? Skibidi Toilet
68%
What is it called when your food is taken from you? Fanum Tax
65%
Another word for charisma Rizz
63%
What meme is still massive? Low Taper Fade
59%
English or ______ Spanish
58%
9 + 10 = ? 21
56%
Sussy ___ baka
56%
What is the weirdest state? Ohio
56%
Logan Paul's drink Prime
55%
Memes that melt your brain are called what? Brainrot
53%
A large behind Gyatt
53%
"____ _____, spit on that thang!" Hawk Tuah
51%
Who is everyone's sunshine? Lebron
51%
The act of holding an oral position to change jaw structure Mewing
51%
Someone who is a lone wolf is also a _____ Alpha
50%
Who showed their meat on stream? Ishowspeed
50%
What video game is never going to come out? GTA 6
49%
"He need some ____" Milk
48%
"Just give me my _____" money
48%
KSI's horrible song Thick of it
48%
The invisible atmosphere around people that are cool? Aura
47%
Who is the fattest streamer? Case Oh
47%
Mr Beast's chocolate brand Feastables
47%
"1 2 buckle my shoe, 3 4 ______ _____ ____" buckle some more
46%
"Oh no, our _____, its broken" Table
46%
What was the party all over tiktok? TikTok Rizz Party
46%
Who hosts the best parties? Diddy
45%
What does "PMO" mean? Piss me off
45%
Who is the kid with the most Rizz? The Rizzler
45%
___ no scope 360
44%
The act of stopping before finishing Edging
44%
Chinese website that sells very cheap items Temu
44%
Rapper whose meat got leaked Drake
43%
What is the best game ever made? Fortnite
43%
Those who _____ know
43%
Old app that had funny videos on it, got discontinued Vine
43%
__ Dollar Fortnite Card 19
42%
Vieny ahh __ dih
42%
Doing the thing above over a long period of time Gooning
42%
"Pop out at 1 in the _______" morning
41%
"I'm on my ______ arc" winter
41%
What it is when you talk too much Yapping
41%
What does Logan Paul like drippy? Cheese
40%
What app has mods who have kittens? Discord
40%
The drink that kills whoever drinks it Grimace Shake
40%
"Kumalala Kumalala _________" Savesta
40%
What clothing item did a man say, "WHAT ARE THOSE" to? Shoes
40%
Podcast based on the meme above Talk Tuah
40%
Abbreviation for "this" Ts
40%
Who got friendzoned by Tyla? Kai Cenat
39%
Kid version of a football player that has rizz Baby Gronk
38%
Very ____, Very Mindful Demure
38%
Rapper known for their gyatt Ice Spice
38%
Who was mass unfollowed on new years? Vexbolts
38%
"Put the ____ down!" phone
37%
How many seconds did it take to piss off a school student? 4
36%
Who is the dank fat rabbit? Big Chungus
36%
Another name for a hot dog Glizzy
35%
What amazing food did the three mentioned people above create? Lunchly
35%
________ dread head Nonchalant
35%
What do they use at the parties above? Baby Oil
34%
"Instead of handing them a freaking ______ yo" packet
34%
What type of music do sigmas listen to? Phonk
34%
Where does Big Justice and Aj shop? Costco
33%
What is it called when someone goes crazy or violent? Crashout
33%
What famous sound effect came from the app above? Boom
32%
Who has a tuff nod and is chopped? Chopped Chin
32%
"Open the ____" Noor
32%
Who said, "What the sigma" Squidward
32%
A person who is older would be called what? Unc
32%
What song played at the above party? Carnival
31%
What is it called when streamers are trying to get clipped? Clip farming
31%
Who is the strange man with one eye? Eye of Rah
31%
Who is the ultimate Chad? Gigachad
31%
What you call someone when they do what you told them to do Good boy
31%
"This is for my ______!" safety
31%
"I just lost my ____" Dawg
30%
The ranked version just came out for this Jerkmate
30%
Who is the man that Is an astronaut, delivery man, plumber, etc Johnny Sins
30%
Who did the person above Rizz up? Livvy Dunne
30%
Who is a family friendly streamer who is the king? Nick Eh 30
30%
Who is the Houston streamer that says, "Whats up brother?" Sketch
30%
Who do the skibidi toilets fight? Cameraman
29%
What happens when you buy a property in Egypt? They give you the property
29%
What is Big Justice's favorite food? Chicken Bake
28%
What is it called when you scroll mindlessly on social media? Doomscrolling
28%
What is the sus version of SpongeBob called? Freakbob
28%
What is it called when you hype someone up too much? Glazing
28%
"Can we talk about the ______ and ________ state of the world right now?" political economic
28%
The place where all the bops go Bop House
27%
The Joker who is geeked up Jonkler
27%
Cooking with ___ Kya
27%
What does "MLG" stand for? Major League Gaming
27%
Who says Gedagedigedagedago Chicken Nugget
26%
The most dank dog ever Doge
26%
What rapper was on anti-piracy screens? King Von
26%
What is Aj's favorite food? Double chunk chocolate cookie
25%
What's that? Whats a _______? Father
25%
The exercise that extends one's meat Jelqing
25%
Which artist can sing? NBA Youngboy
25%
What are Balkans known for? Rage
25%
Who can't put down the cup? Dave Blunts
24%
Who said, "Do you know da way?" Ugandan Knuckles
24%
Which artist can't sing? Beabadoobee
23%
What does Peter Griffin say after shooting a basketball? Green fn
23%
What does the red larva say? Oi Oi Oi
23%
Blue in the face looking like _____ Sonic
22%
What is a senior who tries to date freshmen? Super Senior
22%
Who is the man that sings many Brainrot songs? (For example linganguli guli guli) Don Pollo
21%
Who was the leader of the above party? Blue Tie Kid
20%
The king of Stimming Darius
20%
Low Iq streamer who is terrible at basketball and reacts to videos Flightreacts
20%
What school did Andrew Tate create? Hustlers University
20%
Who is the guy who lowkey doesn't give a f### Chill Guy
19%
What meme did Vexbolts create? Let him cook
19%
What animal is made of strawberries? Elephant
18%
What does Kendrick Lamar say? Mustard
18%
Who has the most Rizz? Duke Dennis
17%
The thing people were inhaling from whipped cream chargers Galaxy Gas
17%
Tristan Tate's favorite drink Johnnie Walker
17%
What do you raise? Ya ya ya
17%
Small animal found in the forest Smurf Cat
16%
What streamer got famous for singing payphone? Stable Ronaldo
16%
What animal is a tennis ball? Bird
15%
What people try to fit in very small areas Cave Divers
15%
"My name is _____, I made the mimic" Edwin
15%
"Hey guys, ________ _____ here" Quandale Dingle
15%
Embarrassing moment when a kid said "I was_____" at a basketball tryout sleepy
15%
What is the first rank from the above Bronze Beater
14%
"I don't need no more parties, and she don't need no more _____" Molly
14%
The type of way sandwiches are made in New York Ocky
14%
What does Druski do on Instagram? Dance
13%
Who is the powerful character from Alvin and the Chipmunks that can do everything? Ian Hawke
13%
What was the event where a man passed after being caught with no pants in a drive through? Goonicide
12%
The cartoon 5 dollar bill that talks over Instagram Reels Yap Dollar
12%
Who coughs like an ipad kid? Jynxzi
11%
Consumable item from TikTok that enhances performance Honey pack
10%
What did Elon Musk say? I am become meme
10%
I HAVE _________ Nothing
10%
What is the most dangerous drink? Still Water
10%
What three numbers are association with "crashing out"? 808
9%
Who sings the sing from above? Civ
9%
What was the trend where people ruined school propety? Devious Licks
9%
What NBA player loves singing TikTok songs? Jared McCain
9%
What was the og meme with a rainbow cat flying? Neon Cat
8%
Who do the bluds get caught by? Bill Collector
7%
What did Spongebob say after breathing in? Boi
7%
What day do you slime your home boy out? Feb 26
7%
The chill ai bird with drip Luh Calm Fit
7%
Form of payment that has an animal on a paper Mousepay
7%
Who was the man from above's name? Nautica Malone
7%
Where was the kid who got a phone call from his angry dad? North Liberty
6%
What is the ninja version of Homer Simpson called Homer Uchiha
5%
When was the TikTik incident? Dec 22
4%
The most dangerous school in America Miller Grove
3%
What generation has the most brainrot? Gen Aplha
2%
Who does a tuff dance that doesn't PMO on Instagram? (From a popular Netflix show) Squid Game Guard
2%
Who interrupts Instagram reels? Band of Talented Mice
0%
No matching quizzes found
Score Distribution
Percent of People with Each Score
Percentile by Number Answered
Your Score History
You have not taken this quiz